Vi sinh vật bệnh truyền nhiễm vật nuôi

Đại cương vi khuẩn và vi rút. Phương thức gây bệnh của vi sinh vật và khả năng miễn dịch của cơ thể động vật. Đại cương về bệnh truyền nhiễm. Tổng quan về bệnh truyền nhiễm chung cho nhiều loài vật nuôi, đặc biệt là ở trâu, bò, lợn...

Cur síos iomlán

Đã lưu trong:
Sonraí Bibleagrafaíochta
Príomhúdar: Nguyễn, Bá Hiên
Údair Eile: Nguyễn, Quốc Doanh
Formáid: Leabhar
Teanga:Undetermined
Foilsithe: H. Giáo dục 2008
Ábhair:
Rochtain Ar Líne:http://lrc.tdmu.edu.vn/opac/search/detail.asp?aID=2&ID=7766
Clibeanna: Cuir Clib Leis
Gan Chlibeanna, Bí ar an gcéad duine leis an taifead seo a chlibeáil!
Thư viện lưu trữ: Trung tâm Học liệu Trường Đại học Thủ Dầu Một
LEADER 01159nam a2200217Ia 4500
001 TDMU_7766
008 210410s9999 xx 000 0 und d
082 |a 636.089 
090 |b NG527 
100 |a Nguyễn, Bá Hiên 
245 0 |a Vi sinh vật bệnh truyền nhiễm vật nuôi 
245 0 |c Nguyễn Bá Hiên [và những người khác] 
260 |a H. 
260 |b Giáo dục 
260 |c 2008 
300 |a 279tr 
520 |a Đại cương vi khuẩn và vi rút. Phương thức gây bệnh của vi sinh vật và khả năng miễn dịch của cơ thể động vật. Đại cương về bệnh truyền nhiễm. Tổng quan về bệnh truyền nhiễm chung cho nhiều loài vật nuôi, đặc biệt là ở trâu, bò, lợn, chó, mèo và gia cầm 
650 |a Bệnh truyền nhiễm; Thú Y; Vi sinh vật; Động vật nuôi 
700 |a Nguyễn, Quốc Doanh 
856 |u http://lrc.tdmu.edu.vn/opac/search/detail.asp?aID=2&ID=7766 
980 |a Trung tâm Học liệu Trường Đại học Thủ Dầu Một